000 00377pab a2200145 454500
008 180718b2000 xxu||||| |||| 00| 0 eng d
245 _aPROTECTING nature: a symposium on some legal issues concerning the environment
260 _c2000
300 _ap.12-74
362 _aAug
650 _aEnvironment
650 _aNature conservation
773 _aSeminar
909 _a45545
999 _c45545
_d45545